| 000 | 00439nam a22001697a 4500 | ||
|---|---|---|---|
| 005 | 20250630094753.0 | ||
| 008 | 250630b |||||||| |||| 00| 0 eng d | ||
| 020 | _a 978-0789734358 | ||
| 082 |
_a005.8 _bJEL-P |
||
| 100 | _aJelen, Bill | ||
| 245 |
_aPivot Table Data Crunching / _cMike Lxander |
||
| 260 |
_aUSA: _bQUE Publisher; _c2005. |
||
| 300 |
_axiv, 370 p. : _bill; _c24 cm. |
||
| 650 | _aDatascience | ||
| 999 |
_c36947 _d36947 |
||